|
|
|
|
| LEADER |
03333nam a22004695i 4500 |
| 001 |
978-4-431-56015-9 |
| 003 |
DE-He213 |
| 005 |
20160322125741.0 |
| 007 |
cr nn 008mamaa |
| 008 |
160322s2016 ja | s |||| 0|eng d |
| 020 |
|
|
|a 9784431560159
|9 978-4-431-56015-9
|
| 024 |
7 |
|
|a 10.1007/978-4-431-56015-9
|2 doi
|
| 040 |
|
|
|d GrThAP
|
| 050 |
|
4 |
|a QR180-189.5
|
| 072 |
|
7 |
|a MJCM
|2 bicssc
|
| 072 |
|
7 |
|a MED044000
|2 bisacsh
|
| 082 |
0 |
4 |
|a 616.079
|2 23
|
| 245 |
1 |
0 |
|a C-Type Lectin Receptors in Immunity
|h [electronic resource] /
|c edited by Sho Yamasaki.
|
| 250 |
|
|
|a 1st ed. 2016.
|
| 264 |
|
1 |
|a Tokyo :
|b Springer Japan :
|b Imprint: Springer,
|c 2016.
|
| 300 |
|
|
|a VI, 215 p. 29 illus., 6 illus. in color.
|b online resource.
|
| 336 |
|
|
|a text
|b txt
|2 rdacontent
|
| 337 |
|
|
|a computer
|b c
|2 rdamedia
|
| 338 |
|
|
|a online resource
|b cr
|2 rdacarrier
|
| 347 |
|
|
|a text file
|b PDF
|2 rda
|
| 505 |
0 |
|
|a Part 1 ITAM-coupled Activating Receptors -- 1 Dectin-2 in anti-microbial immunity and homeostasis -- 2 The function of Mincle as a danger sensor -- 3 The DAP12-Associated Myeloid C-type Lectin 5A (CLEC5A) -- Part 2 HemITAM-bearing Receptors -- 4 Dectin-1 (CLEC7A, BGR, CLECSF12) -- 5 DNGR-1, an F-actin-binding C-type lectin receptor involved in cross-presentation of dead cell-associated antigens by dendritic cells -- 6 C-type lectin-like receptor 2 (CLEC-2) -- Part 3 ITIM-bearing Receptors -- 7 Dendritic cell immunoreceptor (DCIR): An ITIM-harboring C-type lectin receptor -- 8 Regulation and Function of the Inhibitory C-type Lectin Clec12A/MICL -- Part 4 Other receptors and related topics -- 9 DC-SIGN in infection and immunity -- 10 LOX-1 and immunity -- 11 MGL/CD301 as a unique C-type lectin expressed on dendritic cells and macrophages -- 12 Structural aspects of C-type lectin receptors -- 13 The Ligands of C-Type Lectins.
|
| 520 |
|
|
|a The book presents the latest findings on C-type lectin receptors, focusing on individual receptors and their signaling. In recent years there have been great advances in the understanding of the function of these receptors as a newly emerging family of pattern-recognition receptors (PRRs) for pathogen-associated molecular patterns (PAMPs) and damage-associated molecular patterns (DAMPs). Comprising four parts: ITAM-coupled Activating Receptors; HemITAM-bearing Receptors; ITIM-bearing Receptors; and Other Receptors and Related Topics, this comprehensive review covers a broad range of C-type lectin receptors. The updated information on C-type lectin receptors and their ligands provided will appeal to a wide readership, from basic immunologists to physicians and surgeons. In addition, sections on novel drug development make this a valuable resource for pharmaceutical scientists.
|
| 650 |
|
0 |
|a Medicine.
|
| 650 |
|
0 |
|a Immunology.
|
| 650 |
|
0 |
|a Pharmaceutical technology.
|
| 650 |
|
0 |
|a Biochemistry.
|
| 650 |
1 |
4 |
|a Biomedicine.
|
| 650 |
2 |
4 |
|a Immunology.
|
| 650 |
2 |
4 |
|a Biochemistry, general.
|
| 650 |
2 |
4 |
|a Pharmaceutical Sciences/Technology.
|
| 700 |
1 |
|
|a Yamasaki, Sho.
|e editor.
|
| 710 |
2 |
|
|a SpringerLink (Online service)
|
| 773 |
0 |
|
|t Springer eBooks
|
| 776 |
0 |
8 |
|i Printed edition:
|z 9784431560135
|
| 856 |
4 |
0 |
|u http://dx.doi.org/10.1007/978-4-431-56015-9
|z Full Text via HEAL-Link
|
| 912 |
|
|
|a ZDB-2-SBL
|
| 950 |
|
|
|a Biomedical and Life Sciences (Springer-11642)
|